Ako pozdvihnúť priemysel v meste

V niektorých častiach krajiny nie je prioritou tvorba pracovných miest, ale doslova upgrade práce.Témy rozvoja mesta určuje interakcia s podnikmi, školami a vedcami. Mestá v centre krajov bývaju sídlom dôležitých priemyselných podnikov. Rozvoj vo väčších mestách ukazuje, že základom rozvoja priemysl...

Descrizione completa

Salvato in:
Dettagli Bibliografici
Autore principale: Rifaiová, Daniela
Natura: Capitolo di libro
Lingua:slovacco
Soggetti:
Tags: Aggiungi Tag
Nessun Tag, puoi essere il primo ad aggiungerne!!

MARC

LEADER 00000naa a2200000 4500
001 0249426
005 20221104112303.9
041 0 |a slo 
044 |a SK 
245 1 0 |a Ako pozdvihnúť priemysel v meste  |c Daniela Rifaiová 
520 |a V niektorých častiach krajiny nie je prioritou tvorba pracovných miest, ale doslova upgrade práce.Témy rozvoja mesta určuje interakcia s podnikmi, školami a vedcami. Mestá v centre krajov bývaju sídlom dôležitých priemyselných podnikov. Rozvoj vo väčších mestách ukazuje, že základom rozvoja priemyslu je vznik ekosystému, v ktorom môžu firmy komunikovať so školami a vedou. 
610 2 0 |a ekosystémy 
610 2 0 |a mestá inteligentné 
610 2 0 |a správa verejná 
610 2 0 |a zvyšovanie kvalifikácie 
610 2 0 |a efektívnosť práce 
610 2 0 |a rozvoj podniku 
610 2 0 |a rozvoj pracovníkov 
610 2 0 |a rozvoj regionálny 
100 1 |a Rifaiová, Daniela